Croupier Ο κρουπιέρης

Ο Τζακ Μάνφρεντ, ένας επίδοξος συγγραφέας που ζει με αιματηρές οικονομίες, πιάνει δουλειά ως κρουπιέρης στο καζίνο, με σκοπό να συγκεντρώσει υλικό για το νέο του βιβλίο. Παρόλες τις προσπάθειές του, ωστόσο, να παραμείνει ένας ψυχρός και ανεπηρέαστος θεατής, γρήγορα θα χάσει τον έλεγχο και θα βρεθεί...

Πλήρης περιγραφή

Αποθηκεύτηκε σε:
Λεπτομέρειες βιβλιογραφικής εγγραφής
Άλλοι συγγραφείς: Hodges, Mike (Διευθυντής), Owen, Clive (Ηθοποιός), Kingston, Alex (Ηθοποιός), McKee, Gina, 1964- (Ηθοποιός)
Μορφή: Διαφάνειες
Γλώσσα:English
Greek
Δημοσίευση: Αθήνα : Odeon [Εταιρεία διανομής], [1997]
Θέματα:
Ετικέτες: Προσθήκη ετικέτας
Δεν υπάρχουν, Καταχωρήστε ετικέτα πρώτοι!

MARC

LEADER 00000cgm a2200000 i 4500
001 1/93945
008 080916s1997 gr ||| | || ||eng||
035 |l 10100185 
040 |a GR-MyUa  |b gre  |e AACR2 
041 0 |a eng  |j gre 
082 7 |a 791.437   |2 (22) 
245 0 0 |a Croupier /   |h [μαγνητοσκόπηση] =   |b Ο κρουπιέρης /   |c σκηνοθεσία Μαϊκ Χοτζες. 
246 1 |i Παράλληλος τίτλος:   |a Ο κρουπιέρης 
260 |a Αθήνα :   |b Odeon [Εταιρεία διανομής],   |c [1997] 
300 |a 1 βιντεοδίσκος (90 λεπτ.) :   |b ομίλ., έγχρ. ;   |c 4 3/4 ίν. 
500 |a Κυκλοφόρησε πρώτη φορά ως κινηματογραφική ταινία το 1997. 
508 |a Κοστούμια, Καρολιν Χάρις ; σχέδιο παραγωγής, Γιον Μπάνκερ ; μουσική, Σάϊμον Φίσερ Τέρνερ ; μοντάζ, Λες Χένλυ ; φωτογραφία, Μάϊκλ Γκάρφαθ ; γραμμή παραγωγής, Τζέηκ Λουντ ; συμπαραγωγή, Κρίστιν Ράπερτ ; εκτέλεση παραγωγής, Τζέημς Μίτσελ ; σενάριο, Πολ Μεγιερσμπεργκ ; παραγωγή, Τζόναθαν Γκλαβεντις. 
511 0 |a Κλαϊβ Οουεν, Κέητ Χάρντι, Άλεξ Κίνγκστον, Τζίνα ΜακΚΙ και Νίκολας Μπόλ. 
520 8 |a Ο Τζακ Μάνφρεντ, ένας επίδοξος συγγραφέας που ζει με αιματηρές οικονομίες, πιάνει δουλειά ως κρουπιέρης στο καζίνο, με σκοπό να συγκεντρώσει υλικό για το νέο του βιβλίο. Παρόλες τις προσπάθειές του, ωστόσο, να παραμείνει ένας ψυχρός και ανεπηρέαστος θεατής, γρήγορα θα χάσει τον έλεγχο και θα βρεθεί βυθισμένος μέσα στον εκκεντρικό και απροσδόκητο κόσμο του τζόγου. Εκεί θα γνωρίσει και την Τζέινι, μια γοητευτική θαμώνα, η οποία θα του προτείνει να συμμετάσχει στη ληστέια του καζίνου. Πιστεύοντας ότι θα μπορέσει να αξιοποιήσει τις εμπειρίες του στο μυθιστόρημά του, θα προσπαθήσει να υπολογίσει προσεχτικά όλες τις πιθανότητες. Ούτε, όμως, ένας επαγγελματίας όπως ο Τζακ δεν μπορεί ποτέ να προβλέψει το μοίρασμα της τράπουλας. 
546 |a Στα αγγλικά με υπότιτλους στα ελληνικά. 
650 0 |a Gambling  |v Drama. 
655 7 |a Feature films  |2 lcgft 
700 1 |a Hodges, Mike,  |e drt 
700 1 |a Owen, Clive,  |e act 
700 1 |a Kingston, Alex,  |e act 
700 1 |a McKee, Gina,   |d 1964-  |e act 
852 |a INST  |b SYROS  |c AV  |e 20080916  |h 791.437 HOD  |p 005500005533  |q 005500005533  |t DVD  |y 23 
901 |a BIBL5-2008-1 
922 |a 5ΕΛΗ  |b 200709  |c Βιβλιοθήκη Σύρου  |d Anaco 
970 |a Κοντού  |b Παρασκευή  |z 16/09/2008